000 00410nam a2200145Ia 4500
008 100204s9999 xx 000 0 und d
082 _b14247
100 _aसाठे माया
245 _aराधा
260 _b"बांदोडकर पब्लिशिंग हाऊस, गोवा"
_c1991
300 _a194
630 _aराधा
730 _aराधा
942 _cBOOK
999 _c458678
_d458675